| 000 | 00584nam a2200181 a 4500 | ||
|---|---|---|---|
| 005 | 20240425063900.0 | ||
| 008 | 991125s1965 bo 000 0 spa u | ||
| 035 | _aUPN01000005449 | ||
| 049 | _aCG | ||
| 050 | 4 |
_aLB1025 _bU9.3 |
|
| 100 | 1 |
_aUzcátegui García, Emilio, _d1899-1986 _931476 |
|
| 245 | 1 | 0 |
_aBases para una didáctica para los establecimientos de un nivel medio / _cEmilio Uzcategui. |
| 260 |
_aLa Paz : _bServicio de Ayuda Técnica Escolar, _c1965. |
||
| 300 | _a232 p. | ||
| 650 | 4 |
_aEducación secundaria _zBolivia _919331 |
|
| 650 | 4 |
_aEnseñanza _96215 |
|
| 905 | _aLibro | ||
| 999 |
_c5449 _d5449 |
||